[Event "Titled Tue 20th Aug Early"]
[Site "chess.com INT"]
[Date "2024.08.20"]
[Round "5"]
[White "Andreikin, D."]
[Black "Zhigalko, S."]
[Result "1-0"]
[WhiteElo "2729"]
[BlackElo "2572"]
[PlyCount "119"]
[EventDate "2024.08.20"]

1. Nf3 d5 2. b4 Nf6 3. Bb2 e6 4. a3 c5 5. bxc5 Bxc5 6. e3 O-O 7. c4 b6 ({RR} 7... Nc6 8. d4 Be7 9. Nbd2 b6 10. Bd3 Bb7 11. O-O Rc8 12. Rc1 Na5 13. Ne5 dxc4 14. Ndxc4 Nxc4 15. Bxc4 Bd6 16. Qe2 Bxe5 17. dxe5 Ne4 18. Rfd1 Qg5 19. f3 Nc5 20. Bd4 Rfd8 21. Rd2 h5 22. Rcd1 {Nihal,S (2688)-Omelja,A (2434) chess.com INT 2023 1-0 (73)}) ({RR} 7... Nc6 8. cxd5 exd5 9. Qc2 Be7 10. Bb5 Bg4 11. Bxc6 Bxf3 12. Bxb7 Bxg2 13. Rg1 Be4 14. d3 Rb8 15. dxe4 Rxb7 16. Nd2 Qc8 17. Rc1 Qxc2 18. Rxc2 dxe4 19. Ke2 Re8 20. Bd4 h5 21. Rc6 Rd8 22. Ra6 {Iniyan,P (2567)-Dyachuk,A (2308) chess.com INT 2025 1-0}) 8. cxd5 Nxd5 9. h4 $146 ({RR} 9. d4 Be7 10. e4 Nf6 11. Nbd2 Bb7 12. Bd3 Nbd7 13. Qe2 Nh5 14. g3 f5 15. O-O Qe8 16. exf5 exf5 17. Qe6+ Kh8 18. Bb5 Nf4 19. Qxd7 Bxf3 20. Nxf3 Qh5 21. Bc6 Rf6 22. Bxa8 {1-0 (22) Gareyev,T (2611)-Liu,X (2449) Singapore 2018}) 9... Be7 10. Qc2 Bf6 11. Ng5 g6 12. Ne4 Bxb2 13. Qxb2 f5 14. Ng5 Qf6 15. Qxf6 Rxf6 16. Nc3 Nxc3 17. Rc1 Ba6 18. Rxc3 h6 19. Nf3 Bxf1 20. Kxf1 Nd7 21. Ke2 e5 22. Rc7 Rd6 23. h5 g5 24. d4 Re8 25. Rd1 e4 26. Nd2 a5 27. Nc4 Rd5 28. a4 Re6 29. Rb1 f4 30. Rb5 Nf6 31. Rxb6 Rxb6 32. Nxb6 Rf5 33. Rc5 f3+ 34. Kf1 Rxc5 35. dxc5 Kf7 36. c6 fxg2+ 37. Kxg2 Ne8 38. Nc4 Ke6 39. Kg3 Nf6 40. Nxa5 Nxh5+ 41. Kh3 Kd6 42. Kg4 Ng7 43. Nb3 Kxc6 44. Nd2 Kd5 45. a5 Kc6 46. Nxe4 Kb5 47. Nd6+ Kxa5 48. Nf5 Ne6 49. Nxh6 Kb4 50. Nf7 Kc3 51. Nxg5 Nc5 52. f4 Kd3 53. Kf3 Nb3 54. f5 Nd2+ 55. Kf4 Nc4 56. f6 Nb6 57. f7 Nd5+ 58. Kg3 Ne7 59. f8=Q Ng6 60. Qf5+ 1-0

[Event "Titled Tue 20th Aug Early"]
[Site "chess.com INT"]
[Date "2024.08.20"]
[Round "7"]
[White "Andreikin, D."]
[Black "Hansen, Eric"]
[Result "1-0"]
[WhiteElo "2729"]
[BlackElo "2610"]
[PlyCount "73"]
[EventDate "2024.08.20"]

1. Nf3 d5 2. c4 c6 3. g3 Nf6 4. Bg2 g6 5. b3 Bg7 6. Bb2 O-O 7. O-O Bg4 8. d3 Bxf3 9. Bxf3 e6 10. Nd2 Qe7 ({RR} 10... Nbd7 11. a3 a5 12. Bg2 Ne8 13. Qc2 Bxb2 14. Qxb2 Qf6 15. d4 Nd6 16. e3 h5 17. h4 Nf5 18. b4 axb4 19. axb4 Nd6 20. b5 Rab8 21. Rfc1 Rfc8 22. Qa3 Nxc4 23. Nxc4 dxc4 24. bxc6 bxc6 25. Rxc4 {Vitiugov,N (2681)-Ni,H (2701) Sochi 2009 0-1 (40)}) ({RR} 10... Nbd7 11. Rc1 h5 12. h4 Ng4 13. Bxg7 Kxg7 14. b4 Nde5 15. Bg2 a5 16. b5 Qb6 17. bxc6 bxc6 18. Rb1 Qa7 19. Qc2 Kh7 20. c5 Nd7 21. d4 Rab8 22. e3 Rxb1 23. Rxb1 Rb8 24. Bf1 Rxb1 25. Qxb1 {Panin,M (2189)-Garcia Garcia,A (2140) chess.com INT 2025 ½-½ (43)}) ({RR} 10... a5 11. a3 Ne8 12. d4 Nd6 13. Qc2 Nd7 14. e3 h5 15. Bg2 h4 16. e4 hxg3 17. hxg3 dxe4 18. Nxe4 Nf5 19. Rad1 Nf6 20. Nc5 Qc7 21. b4 axb4 22. axb4 Rfd8 23. Rfe1 b6 24. Nb3 Ra2 25. Qb1 {Ghasi,A (2509)-Hansen,E (2610) chess.com INT 2024 0-1 (56)}) 11. Bg2 Rd8 $146 ({RR} 11... Ne8 12. d4 Nd7 13. e3 a5 14. a4 Ndf6 15. Ba3 Nd6 16. b4 axb4 17. Bxb4 Rfc8 18. Qb3 Qd7 19. Rfc1 Nf5 20. Rab1 Qd8 21. Bc3 Ra7 22. a5 Rca8 23. Qd1 h5 24. Rb2 h4 25. Rcb1 hxg3 26. hxg3 {Praggnanandhaa,R (2608)-Hansen,E (2606) Chess.com INT 2021 0-1 (50)}) 12. a3 a5 13. b4 Ne8 14. Qb3 Na6 15. Rab1 axb4 16. axb4 Bxb2 17. Qxb2 Qf6 18. Qxf6 Nxf6 19. Rfc1 Kf8 20. b5 cxb5 21. Rxb5 Rd7 22. Rcb1 Ra7 23. cxd5 Nxd5 24. R1b3 f6 25. Nc4 Kf7 26. Bxd5 exd5 27. Nb6 Rc7 28. Nxd5 Rc1+ 29. Kg2 Nc5 30. Rb2 Ke6 31. Nf4+ Kd6 32. d4 Ne4 33. Rxb7 Rxb7 34. Rxb7 g5 35. Rb6+ Kd7 36. Nd5 f5 37. Nf6+ 1-0

[Event "Titled Tue 20th Aug Early"]
[Site "chess.com INT"]
[Date "2024.08.20"]
[Round "10"]
[White "Santos Latasa, J."]
[Black "Le Tuan Minh"]
[Result "1-0"]
[WhiteElo "2624"]
[BlackElo "2564"]
[PlyCount "101"]
[EventDate "2024.08.20"]

1. Nf3 d5 2. e3 Nf6 3. c4 c6 4. Qc2 Bg4 5. Ne5 e6 6. cxd5 exd5 7. Nxg4 Nxg4 8. Be2 Nf6 9. O-O Bd6 10. d3 $146 ({RR} 10. b3 Nbd7 11. Bb2 Qc7 12. h3 O-O-O 13. d3 h5 14. e4 Be5 15. exd5 Nxd5 16. d4 Bf6 17. Nd2 g5 18. Qf5 Qf4 19. Qxf4 Nxf4 20. Bf3 Nb6 21. Ne4 Be7 22. d5 cxd5 23. Rac1+ Kd7 24. Bxh8 dxe4 {Ahmed,M (2025)-Amirul,I (1886) Dhaka 2022 1-0 (46)}) 10... O-O 11. Nd2 Re8 12. b3 Nbd7 13. Bb2 Be5 14. Nf3 Bxb2 15. Qxb2 Qe7 16. Rfe1 Qd6 17. Rac1 a5 18. a3 g6 19. Bf1 Kg7 20. g3 Ne5 21. Nxe5 Rxe5 22. Bg2 Kg8 23. h3 Re7 24. Rcd1 Nd7 25. e4 Rae8 26. f4 Qc5+ 27. Kh2 Qb6 28. b4 axb4 29. axb4 Nf8 30. Qc3 dxe4 31. dxe4 Rd8 32. e5 Red7 33. Rxd7 Rxd7 34. Re2 Rd1 35. h4 Ne6 36. Kh3 Qd8 37. Rf2 Rd3 38. Qc4 Rd4 39. Qc3 Qb6 40. f5 Ng7 41. fxg6 hxg6 42. Qf3 Rd7 43. Qf4 Ne6 44. Qf6 Qxb4 45. Ra2 Rd8 46. Rf2 Rf8 47. Bf3 Re8 48. Bxc6 Rf8 49. Bd5 Qb6 50. h5 Ng5+ 51. Kg4 1-0

[Event "Titled Tue 20th Aug Late"]
[Site "chess.com INT"]
[Date "2024.08.20"]
[Round "4"]
[White "Carlsen, M."]
[Black "Eljanov, P."]
[Result "1-0"]
[WhiteElo "2832"]
[BlackElo "2672"]
[PlyCount "59"]
[EventDate "2024.08.20"]

1. Nf3 d5 2. g3 Nc6 3. d4 Bf5 4. Nh4 Be4 5. f3 Bg6 6. c4 e6 7. e3 ({RR} 7. Nc3 Nf6 8. cxd5 exd5 9. Nxg6 hxg6 10. Bg5 Be7 11. Bg2 Rh5 12. f4 Qd7 13. Bf3 Rxg5 14. fxg5 Ne4 15. Bxe4 dxe4 16. d5 Ne5 17. Qd4 f5 18. gxf6 gxf6 19. O-O-O b6 20. Qxe4 Bd6 21. Qa4 Qxa4 {Martinez Ramirez,L (2427)-Gatterer,F (2211) chess.com INT 2025 1-0 (55)}) 7... Bb4+ $146 ({RR} 7... Be7 8. Nxg6 hxg6 9. Nc3 Nf6 10. Bg2 dxc4 11. Qa4 Bb4 12. a3 Bxc3+ 13. bxc3 Qd5 14. e4 Qa5 15. Qxc4 O-O-O 16. O-O Nd7 17. Rf2 Nb6 18. Qb3 Qa4 19. Rb1 Qxb3 20. Rxb3 Na5 21. Rb4 Nc6 22. Rb3 {Kumaresh,A (2048)-Garbuz,V (2210) Rhodes GRE 2024 ½-½ (47)}) 8. Nc3 Nge7 9. Nxg6 hxg6 10. Kf2 O-O 11. Bd2 dxc4 12. Bxc4 e5 13. d5 Na5 14. Be2 c6 15. d6 Nf5 16. a3 Bxc3 17. Bxc3 c5 18. Qd5 Nc6 19. Rad1 Qb6 20. g4 Nxd6 21. h4 Rad8 22. h5 Nb5 23. Qe4 Nxc3 24. bxc3 Rxd1 25. Rxd1 gxh5 26. gxh5 Qb2 27. Rg1 Kh8 28. Qg4 Rg8 29. Qf5 Qxc3 30. h6 1-0

[Event "Titled Tue 20th Aug Late"]
[Site "chess.com INT"]
[Date "2024.08.20"]
[Round "8"]
[White "Carlsen, M."]
[Black "Ibarra Jerez, JC."]
[Result "1-0"]
[WhiteElo "2832"]
[BlackElo "2559"]
[PlyCount "95"]
[EventDate "2024.08.20"]

1. Nf3 d6 2. d4 Nf6 3. Nc3 Bf5 4. Nh4 Bd7 5. e4 e5 6. Nf3 exd4 7. Nxd4 g6 8. f3 ({RR} 8. g3 Bg7 9. Bg2 O-O 10. O-O Nc6 11. Nde2 Re8 12. h3 b5 13. a3 a5 14. Bg5 Rb8 15. Nd5 h6 16. Bxf6 Bxf6 17. c3 Bg7 18. b4 a4 19. f4 Ne7 20. Ne3 f5 21. exf5 Nxf5 22. Nxf5 Bxf5 {Maghsoodloo,P (2679)-Adhiban,B (2689) Chess.com INT 2019 ½-½ (65)}) ({RR} 8. Be3 Bg7 9. Qd2 Ng4 10. Bg5 f6 11. Bh4 Nc6 12. Nxc6 bxc6 13. h3 Ne5 14. f4 Nf7 15. Bc4 Qe7 16. O-O O-O 17. Rad1 Qe8 18. Rfe1 Kh8 19. Ba6 Rb8 20. b3 g5 21. Bf2 gxf4 22. Qxf4 Ne5 {Novozhilov,S (2272)-Ibarra Jerez,J (2559) chess.com INT 2024 0-1 (37)}) 8... Bg7 9. Be3 O-O 10. Qd2 Nc6 $146 ({RR} 10... c6 11. Be2 d5 12. exd5 cxd5 13. O-O Nc6 14. Nxc6 bxc6 15. Na4 Re8 16. Bd4 Nh5 17. Bxg7 Nxg7 18. Rfe1 Ne6 19. b3 Qf6 20. Bf1 h5 21. c4 d4 22. Nb2 h4 23. h3 Ng5 24. Kh1 Re3 25. Rxe3 {Caputcuoglu,Z (2004)-Odeev,H (2360) Sivas 2019 ½-½}) 11. O-O-O a6 12. h4 Nxd4 13. Bxd4 b5 14. h5 c5 15. Be3 b4 16. Nb1 Nxh5 17. Qxd6 Be6 18. Qxc5 Qf6 19. e5 Qxe5 20. Qxe5 Bxe5 21. b3 Ng3 22. Rg1 Nf5 23. Bf2 Bf4+ 24. Nd2 Rfd8 25. Bd3 Rac8 26. Kb1 Ne3 27. Bxe3 Bxe3 28. Rge1 Bg5 29. Ne4 Bh4 30. Rh1 Be7 31. Bxa6 Rxd1+ 32. Rxd1 Rc7 33. c4 bxc3 34. Bd3 Bb4 35. Kc2 Kg7 36. a4 h5 37. Bb5 h4 38. Rd4 Be7 39. Bc4 Bf5 40. Kxc3 Bc5 41. Nxc5 Rxc5 42. Rxh4 Be6 43. Re4 Bf5 44. Rd4 Rc8 45. b4 Rh8 46. g4 Bc8 47. b5 Rh3 48. Bd5 1-0

[Event "Titled Tue 20th Aug Late"]
[Site "chess.com INT"]
[Date "2024.08.20"]
[Round "10"]
[White "Carlsen, M."]
[Black "Andreikin, D."]
[Result "1-0"]
[WhiteElo "2832"]
[BlackElo "2729"]
[PlyCount "141"]
[EventDate "2024.08.20"]

1. Nf3 Nf6 2. g3 b5 3. e3 a6 4. Bg2 Bb7 5. O-O e6 6. b3 Be7 7. c4 bxc4 8. bxc4 c5 9. Nc3 O-O 10. Rb1 Ra7 11. d4 d6 12. d5 exd5 13. cxd5 Nbd7 14. e4 $146 ({RR} 14. Nd2 Qc7 15. Nc4 Rb8 16. Bd2 Ba8 17. Rxb8+ Qxb8 18. Na5 Rc7 19. Nc6 Bxc6 20. dxc6 Ne5 21. Qa4 Qc8 22. Rb1 Nxc6 23. Rb6 Nb4 24. Qa5 Bd8 25. a3 Rc6 26. Rxc6 Nxc6 27. Qa4 Ne5 28. Nd5 Ned7 {Warmerdam,M (2676)-Koellner,R (2490) Arad ROU 2024 ½-½ (69)}) 14... Re8 15. h3 a5 16. Re1 Ba6 17. Bf4 Nh5 18. Bd2 Bd3 19. Rc1 Nhf6 20. Bf4 c4 21. Nd4 Rb7 22. Nc6 Qb6 23. Be3 Qc7 24. a4 Bf8 25. Nb5 Qc8 26. Nxa5 Rb8 27. Na7 Qa6 28. N5c6 Rb3 29. Nb5 Qxa4 30. Nbd4 Ra3 31. Qxa4 Rxa4 32. f3 Nc5 33. Bf1 g6 34. Red1 Nfd7 35. Bxd3 cxd3 36. Nb5 f5 37. Nc7 Rc8 38. Ne6 fxe4 39. fxe4 Rxe4 40. Bxc5 Nxc5 41. Nxc5 dxc5 42. Rxd3 Bd6 43. Rc2 Rf8 44. Kg2 c4 45. Rdc3 Rf5 46. Rxc4 Re3 47. R4c3 Rxc3 48. Rxc3 Rxd5 49. h4 Kg7 50. Kf3 Rf5+ 51. Kg2 Rd5 52. Rf3 h5 53. Nd8 Rd2+ 54. Kh3 Re2 55. Rf7+ Kg8 56. Rf6 Be7 57. Rxg6+ Kh7 58. Re6 Rxe6 59. Nxe6 Kg6 60. Nf4+ Kh6 61. Kg2 Bd6 62. Kf3 Bb8 63. Ke4 Bc7 64. Kf5 Bb8 65. Kf6 Bc7 66. Ne2 Bb8 67. Nd4 Bc7 68. Nf5+ Kh7 69. Kg5 Be5 70. Kxh5 Kg8 71. Kg6 1-0

[Event "Abu Dhabi Masters Online"]
[Site "chess.com INT"]
[Date "2024.08.21"]
[Round "3"]
[White "Santos Latasa, J."]
[Black "Kobalia, M."]
[Result "1-0"]
[WhiteElo "2624"]
[BlackElo "2543"]
[PlyCount "57"]
[EventDate "2024.08.21"]

1. Nf3 {Ftacnik,Lubomir} d5 2. e3 Nf6 3. c4 c6 4. Qc2 e6 5. b3 Bd6 6. Bb2 O-O 7. d4 ({RR} 7. Be2 Qe7 8. d4 b6 9. O-O Bb7 10. Nbd2 Nbd7 11. Ne5 Rac8 12. Bd3 c5 13. Nxd7 Qxd7 14. Qd1 cxd4 15. Bxd4 e5 16. Bb2 Bb8 17. Qe2 dxc4 18. Bxc4 Qf5 19. Rac1 Rfd8 20. Rfd1 h5 21. Nf3 Rxd1+ {Santos Latasa,J (2612)-Gurel,E (2560) Prague CZE 2024 ½-½}) 7... Nbd7 8. Nbd2 Re8 ({RR} 8... b6 9. Bd3 Bb7 10. O-O Rc8 ({RR} 10... c5 11. cxd5 exd5 12. dxc5 bxc5 13. Bxf6 Nxf6 14. e4) 11. e4 dxe4 12. Nxe4 Nxe4 13. Bxe4 f5 ({RR} 13... Nf6 14. Bd3 c5 ({RR} 14... Qe7 15. Rfe1 Ba3 16. Bc3 h6 17. Re3) 15. dxc5 Bxc5 16. Bxf6 gxf6 17. Bxh7+ Kg7 18. Be4) 14. Bd3 c5 ({RR} 14... Nf6 15. c5 Bc7 16. Rfe1) 15. d5 g6 ({RR} 15... exd5 16. cxd5 ({RR} 16. Bxf5 d4 17. Bxh7+ Kh8 18. Be4 Rxf3 19. Bxb7 Bxh2+ 20. Kxh2 Qc7+ 21. Kg1 Qxb7 22. gxf3 Ne5 23. Qf5 Nxf3+ 24. Kh1 Rd8 ({RR} 24... Rc6 25. Bc1 Nd2 26. f3 Nxf1 27. Qh3+ Kg8 28. Qxf1) 25. Qh5+ Kg8 26. Rg1 Nxg1+ 27. Kxg1 Qe4 28. Rd1 Rd6 29. Bc1) 16... Bxd5 ({RR} 16... c4 17. Qc3 Qf6 18. Qxf6 Nxf6 19. bxc4) 17. Bc4 Bxc4 18. Qxc4+ Rf7 19. Rfd1 Bb8 20. Rd5) ({RR} 15... Re8 16. Rae1 Nf8 17. Ne5) 16. Rfe1 ({RR} 16. dxe6 Bxf3 17. Rfe1 ({RR} 17. exd7 Bxh2+ 18. Kh1 Qh4) 17... Qg5 18. Bf1 Nf6) 16... exd5 ({RR} 16... e5 17. Nxe5 Nxe5 18. Bxe5) 17. cxd5 Be7 ({RR} 17... Bxd5 18. Rad1 Be7 ({RR} 18... Rf7 19. Ba6) 19. Bb5 Nf6 20. Bc4 b5 21. Bxf6) ({RR} 17... Nf6 18. Qd2 c4 ({RR} 18... Bxd5 19. Rad1) 19. bxc4) 18. d6 ({RR} 18. Rxe7 Qxe7 19. Re1 Qf7 20. Bc4 b5 21. Ng5 Rce8 22. Re6) 18... Bf6 ({RR} 18... Bxd6 19. Bc4+ Rf7 20. Rad1 Bxf3 21. Bxf7+ Kxf7 22. Qc4+ Kf8 23. Rxd6) 19. Bc4+ Kh8 20. Ng5 ({RR} 20. Re7 Bxf3 ({RR} 20... b5 21. Ng5) 21. gxf3 Rc6 22. Qd2 Bxb2 23. Qh6 Qxe7 24. dxe7 Bg7 25. exf8=Q+ Nxf8 26. Qc1) 20... Be4 ({RR} 20... Bxb2 21. Qxb2+ Qf6 ({RR} 21... Nf6 22. Re7) 22. Re7) 21. Nxe4 ({RR} 21. Rxe4 fxe4 22. Ne6 Bxb2 ({RR} 22... Qe8 23. Re1 Rc6 24. Rxe4 Rxd6 25. g4 b5 26. Nxf8 Qxf8 27. Bxb5) 23. Nxd8 Bxa1 24. Ne6) ({RR} 21. Qd2 Bxb2 22. Qxb2+ Qf6 23. Qxf6+ Nxf6 ({RR} 23... Rxf6 24. f3 b5 25. fxe4 bxc4 26. e5) 24. Rad1 h6 ({RR} 24... Bc2 25. Rd2 Ne4 26. Nxe4 Bxe4 27. d7 Rcd8 28. Rd6 Kg7 29. f3) 25. Nf7+ Kg7 26. d7) 21... fxe4 22. Rxe4 Nb8 ({RR} 22... Bxb2 23. Qxb2+ Qf6 24. Qxf6+ Nxf6 25. Re7 Rfd8 26. Rd1 Rc6 27. Re6 Nh5 28. Bb5) 23. Rd1 {Wojtaszek,R (2708)-Shankland,S (2720) chess24.com INT 2022 CBM 209 Extra [Ftacnik,Lubomir] 1-0}) ({RR} 8... Qe7 9. Bd3 ({RR} 9. Ne5 c5 ({RR} 9... Ba3 10. Bxa3 Qxa3 11. Bd3 h6 12. f4 c5 13. O-O cxd4 14. exd4 Rd8 15. Rae1 dxc4 16. bxc4 b6 17. Nc6 Re8 18. c5) 10. Bd3 b6 11. cxd5 exd5 12. Ndf3 Bb7 13. Nxd7 Qxd7 14. dxc5 bxc5 15. Bxf6 gxf6 16. Bxh7+ Kg7 17. Bf5 Qe7 18. O-O Rh8 19. Rfe1) 9... e5 10. cxd5 cxd5 11. dxe5 Nxe5 12. Nxe5 Bxe5 13. O-O Bg4 14. Rac1 Rac8 15. Qb1 Bh5 16. Rxc8 Rxc8 17. Rc1 Rxc1+ 18. Qxc1 Bxb2 19. Qxb2) ({RR} 8... Qc7 9. Rc1 dxc4 10. Nxc4 Bb4+ 11. Ncd2 Bd6 12. Nc4 Bb4+ 13. Nfd2 b6 14. a3 Be7 15. Ne5 c5 16. Bd3 Bb7 17. O-O h6 18. Qb1) ({RR} 8... Qe7 9. Ne5 c5 10. Bd3 cxd4 11. exd4 dxc4 12. bxc4 b6 13. O-O Bb7 14. Ndf3 h6 15. a4 Rac8 16. Qe2 Bb4 17. Rfd1 Rfd8 18. Qe3 Nb8 19. Rab1 Nc6 20. Ba1 Na5 21. h3 Nd7 22. Nxd7 Rxd7 23. Ne5 {Sakelsek,T (2401)-Hiti,D (2252) Grosuplje SLO 2024 ½-½ (31)}) 9. Ne5 c5 $146 ({RR} 9... Nf8 10. Be2 N6d7 11. O-O f6 12. Nxd7 {½-½ (12) Schmitt,G (1974)-Weingut,R (1975) Bayern 2016}) 10. cxd5 cxd4 11. Nec4 dxe3 12. Nxd6 exd2+ 13. Qxd2 Re7 14. dxe6 Rxe6+ 15. Be2 Nc5 16. Rd1 Qe7 17. Kf1 b6 18. Bc4 Ba6 19. Bxa6 Nxa6 20. Nf5 Qf8 21. Qg5 Nc5 22. f3 Rae8 23. h4 Kh8 24. h5 h6 25. Nxh6 Qe7 26. Bc3 gxh6 27. Qxh6+ Kg8 28. Rh3 Nce4 29. fxe4 1-0

[Event "Abu Dhabi Masters Online"]
[Site "chess.com INT"]
[Date "2024.08.21"]
[Round "3"]
[White "Pantsulaia, L."]
[Black "Aryan, C."]
[Result "1-0"]
[WhiteElo "2516"]
[BlackElo "2619"]
[PlyCount "77"]
[EventDate "2024.08.21"]

1. Nf3 Nf6 2. g3 g6 3. b3 d5 4. Bb2 c5 5. Bg2 Bg7 6. O-O O-O 7. d3 Nc6 8. Ne5 Nxe5 9. Bxe5 Ng4 ({RR} 9... Be6 10. c4 Qd7 11. Nd2 Rac8 12. Rc1 b6 13. Re1 Rfd8 14. Qc2 Ng4 15. Bxg7 Kxg7 16. Qb2+ Nf6 17. cxd5 Bxd5 18. Nf3 Bxf3 19. Bxf3 Qd4 20. Qa3 a5 21. Rc4 Qe5 22. Rec1 Rd4 23. Qa4 Rcd8 24. Qb5 {Nakamura,H (2802)-Kramnik,V (2753) chess.com INT 2024 1-0 (80)}) 10. Bxg7 Kxg7 11. c4 ({RR} 11. e4 dxe4 12. dxe4 Qd4 13. c3 Qxd1 14. Rxd1 Be6 15. h3 Nh6 16. e5 Rab8 17. Nd2 b6 18. Ne4 Rfd8 19. f4 f6 20. exf6+ exf6 21. c4 Nf7 22. Nc3 a6 23. g4 h5 24. Bd5 Bxd5 25. Nxd5 hxg4 {Manmay Chopra (2217)-Sakun,V (2301) chess.com INT 2024 1-0 (66)}) 11... d4 $146 ({RR} 11... Nf6 12. cxd5 Nxd5 13. Qc2 b6 14. Rd1 e5 15. Qb2 f6 16. e3 Rb8 17. d4 exd4 18. exd4 Ne7 19. Na3 cxd4 20. Rxd4 Qc7 21. Rc1 Qe5 22. Nc4 Qf5 23. Nd6 Qe5 24. Nc4 Qf5 25. Re1 Qc5 26. b4 {Wisniewski,J (1829)-Deren,M (1922) Jastrzebia Gora 2022 1-0 (68)}) 12. b4 cxb4 13. a3 bxa3 14. Nxa3 a6 15. Qb3 Rb8 16. Nc2 b5 17. Qb2 e5 18. h3 Nf6 19. f4 Nh5 20. Kh2 f6 21. c5 a5 22. fxe5 fxe5 23. e3 Qg5 24. g4 Nf6 25. exd4 exd4 26. Qxd4 Bb7 27. Rxa5 Bxg2 28. Kxg2 Kh6 29. Qe3 Qxe3 30. Nxe3 b4 31. c6 Kg7 32. Ra7+ Kg8 33. c7 Rbc8 34. Nc4 Nd5 35. Rxf8+ Rxf8 36. Nd6 Ne3+ 37. Kg3 Nf1+ 38. Kh4 h6 39. c8=Q 1-0

[Event "Abu Dhabi Masters Online"]
[Site "chess.com INT"]
[Date "2024.08.21"]
[Round "7"]
[White "Nakamura, Hi"]
[Black "Shankland, S."]
[Result "1-0"]
[WhiteElo "2802"]
[BlackElo "2669"]
[PlyCount "59"]
[EventDate "2024.08.21"]

1. Nf3 d5 2. g3 g6 3. Bg2 Bg7 4. O-O e5 5. d3 Nc6 6. Nc3 d4 7. Ne4 h6 8. c3 Nge7 9. cxd4 exd4 10. a3 a5 11. Bd2 $146 ({RR} 11. b3 O-O 12. Bb2 b6 13. Rc1 Be6 14. Qc2 Rc8 15. Rfe1 Qd5 16. Ned2 Qd7 17. Ne4 Qd5 18. Ned2 Qd7 19. Ne4 Na7 20. b4 axb4 21. axb4 Nb5 22. e3 f5 23. Ned2 Nd5 24. Bxd4 Nxb4 25. Qb1 Nxd4 {Skytte,R (2348)-Polyik,P (2304) Budapest HUN 2024 ½-½ (55)}) 11... f5 12. Nc5 b6 13. Na4 O-O 14. Qc1 Kh7 15. b4 axb4 16. axb4 Be6 17. b5 Na5 18. Nc5 Bd5 19. Bxa5 bxa5 20. Qd2 Qd6 21. Rfc1 Rfb8 22. Na6 Rb7 23. Rxa5 Raa7 24. Nc5 Rxa5 25. Nxb7 Bxb7 26. Qxa5 Nd5 27. Rc4 Nb6 28. Rc2 Nd5 29. Qa7 Nb4 30. Rc1 1-0

[Event "Abu Dhabi Masters Online"]
[Site "chess.com INT"]
[Date "2024.08.21"]
[Round "11"]
[White "Mekhitarian, K."]
[Black "Henriquez Villagra, C."]
[Result "1-0"]
[WhiteElo "2560"]
[BlackElo "2603"]
[PlyCount "223"]
[EventDate "2024.08.21"]

1. Nf3 d6 2. d4 Nd7 3. c4 c5 4. Nc3 Ngf6 5. e4 cxd4 6. Nxd4 a6 7. Be2 e6 8. O-O Be7 9. Be3 O-O 10. Rc1 Re8 ({RR} 10... Qc7 11. g4 Nc5 12. f3 h6 13. b4 Ncd7 14. f4 Nh7 15. Qd2 b6 16. a3 Bb7 17. f5 e5 18. Nd5 Qd8 19. f6 Ndxf6 20. Nf5 Nxd5 21. exd5 Bg5 22. Rc3 Bc8 23. Kg2 Bxe3 24. Qxe3 a5 25. b5 {Klekowski,M (2473)-Gabuzyan,H (2570) Minsk 2017 0-1 (45)}) ({RR} 10... Qc7 11. Qd2 b6 12. b4 Bb7 13. f3 Rfe8 14. Nb3 Rac8 15. a3 Qb8 16. Rfd1 Ne5 17. Na4 Nfd7 18. Nb2 Kh8 19. a4 Rg8 20. a5 bxa5 21. Nxa5 g5 22. Nxb7 Qxb7 23. Na4 g4 24. Kh1 gxf3 25. gxf3 {De Souza,F (1943)-Zampronha,W (2164) Florianopolis BRA 2023 ½-½ (54)}) 11. b4 d5 $146 ({RR} 11... Bf8 12. a3 Ne5 13. Nb3 Bd7 14. f4 Ng6 15. Bf3 Rc8 16. e5 dxe5 17. Bxb7 Rb8 18. fxe5 Nxe5 19. Na5 Nxc4 20. Nxc4 Rxb7 21. Bg5 Be7 22. Bxf6 gxf6 23. Ne4 Bb5 24. Qg4+ Kh8 25. Rfd1 Rd7 26. Nc5 {Villanueva,M (2153)-Torres,O Banfield 2004 1-0 (43)}) 12. exd5 exd5 13. c5 Ne5 14. h3 a5 15. a3 axb4 16. axb4 Nc4 17. Bf4 Bf8 18. Ndb5 Ne5 19. Rc2 Bd7 20. Rd2 Bc6 21. Nd4 Qc8 22. Qb3 Nc4 23. Bxc4 dxc4 24. Qxc4 Ne4 25. Nxe4 Rxe4 26. Bg3 Qe8 27. Qc3 Be7 28. Nxc6 Qxc6 29. Qf3 Re8 30. Rb1 Bf8 31. Kh2 h6 32. Bd6 Bxd6+ 33. cxd6 Qd7 34. b5 R4e6 35. Qg3 Rd8 36. Rbd1 Qxb5 37. d7 Qc6 38. Rd4 Rg6 39. Qf3 Qxf3 40. gxf3 Kf8 41. Re1 Re6 42. Red1 b6 43. Rd5 Ke7 44. R1d4 g6 45. Kg2 f5 46. h4 Rc6 47. Re5+ Kf7 48. Kg3 Rc7 49. Red5 Ke7 50. Re5+ Kf7 51. Red5 Ke6 52. Rd6+ Kf7 53. h5 gxh5 54. Rxh6 Rcxd7 55. Rxd7+ Rxd7 56. Rxb6 Rd4 57. Rh6 Kg7 58. Rxh5 Kg6 59. Rh8 Rd1 60. Rg8+ Kf6 61. Ra8 Rd4 62. f4 Rd3+ 63. f3 Rd6 64. Rf8+ Kg6 65. Rg8+ Kf6 66. Kh4 Rd4 67. Kg3 Rd1 68. Rf8+ Kg6 69. Ra8 Rd6 70. Ra5 Rc6 71. Re5 Rb6 72. Kh4 Rc6 73. Re1 Rb6 74. Rg1+ Kf6 75. Kh5 Rb3 76. Rg6+ Kf7 77. Kg5 Rxf3 78. Rf6+ Kg7 79. Rxf5 Rg3+ 80. Kh4 Rf3 81. Kg4 Rf1 82. Rb5 Kf6 83. Rb6+ Ke7 84. Kf5 Rf2 85. Rb7+ Ke8 86. Ke5 Kf8 87. f5 Ra2 88. Rb6 Rh2 89. Ke6 Kg7 90. Rb7+ Kg8 91. Ke7 Kg7 92. Ke6+ Kg8 93. Ra7 Rh3 94. Kf6 Rh6+ 95. Kg5 Rb6 96. Rc7 Kf8 97. Rd7 Kg8 98. Re7 Kf8 99. Re5 Rc6 100. Re4 Kf7 101. Ra4 Rc7 102. Ra6 Rb7 103. Rh6 Kg7 104. Rg6+ Kf7 105. Kh6 Kf8 106. Re6 Rb1 107. Kg6 Rb7 108. Ra6 Rc7 109. f6 Rc8 110. Ra7 Kg8 111. Rg7+ Kh8 112. Rh7+ 1-0

[Event "Abu Dhabi Online Final"]
[Site "chess.com INT"]
[Date "2024.08.21"]
[Round "3.2"]
[White "Nakamura, Hi"]
[Black "Andreikin, D."]
[Result "1-0"]
[WhiteElo "2802"]
[BlackElo "2729"]
[PlyCount "135"]
[EventDate "2024.08.21"]
[EventType "k.o."]

1. Nf3 Nf6 2. g3 g6 3. Bg2 Bg7 4. b3 b6 ({RR} 4... Ne4 5. c3 c5 6. Bb2 d5 7. O-O Nc6 8. d3 Nd6 9. Nbd2 Nb5 10. Qc2 d4 11. cxd4 Nbxd4 12. Nxd4 Nxd4 13. Bxd4 Bxd4 14. Rac1 O-O 15. Ne4 Bf5 16. e3 Bg7 17. Nxc5 Rc8 18. Bxb7 Rc7 19. Bg2 {Grandelius,N (2651)-Stany,G (2522) Chess.com INT 2020 1-0 (32)}) ({RR} 4... Ne4 5. d4 d5 6. O-O O-O 7. Bb2 c6 8. Nbd2 Bf5 9. Nh4 Nxd2 10. Qxd2 Be6 11. Rad1 Nd7 12. e4 dxe4 13. Bxe4 Nf6 14. Bg2 Bd5 15. Nf3 Ne4 16. Qe3 Nd6 17. c4 Nf5 18. Qd3 Bxf3 19. Bxf3 {Kozlov,O (2253)-Paramzina,A (2133) chess.com INT 2025 1-0 (36)}) 5. Ne5 c6 $146 ({RR} 5... d5 6. Bb2 Bb7 7. O-O O-O 8. c4 e6 9. d4 Na6 10. Nd2 c5 11. e3 cxd4 12. exd4 Qe7 13. Re1 dxc4 14. bxc4 Bxg2 15. Kxg2 Nd7 16. Nef3 Rfd8 17. Qa4 Ndb8 18. Ne4 Qb7 19. Qa3 Nc6 20. Nd6 {Boyer,M (2489)-Arabidze,M (2457) chess.com INT 2024 1-0 (71)}) 6. d4 Bb7 7. O-O d6 8. Nd3 O-O 9. Bb2 d5 10. Nd2 Nbd7 11. c4 e6 12. Rc1 Rc8 13. e3 Ba6 14. Re1 c5 15. dxc5 Nxc5 16. Nxc5 bxc5 17. Rc2 Qe7 18. Qa1 Rfd8 19. Rec1 Ne8 20. Bxg7 Nxg7 21. Qc3 dxc4 22. Nxc4 Bxc4 23. Qxc4 Nf5 24. Qa4 h5 25. h4 Nh6 26. Qa5 Ng4 27. Bf3 Ne5 28. Be2 Rd5 29. e4 Nc6 30. Qa6 Rdd8 31. Rxc5 Nb4 32. Qxc8 Rxc8 33. Rxc8+ Kg7 34. a3 Na2 35. Ra1 Qb7 36. Rc2 Qxe4 37. Rcxa2 g5 38. hxg5 h4 39. gxh4 Qxh4 40. Bf3 Qxg5+ 41. Bg2 f5 42. Re1 f4 43. f3 Qc5+ 44. Rf2 Qxa3 45. Rxe6 Qxb3 46. Re7+ Kf6 47. Rxa7 Qb1+ 48. Bf1 Qg6+ 49. Rg2 Qb1 50. Ra6+ Kf5 51. Rd2 Qb3 52. Rf2 Qg8+ 53. Bg2 Qb3 54. Ra5+ Kf6 55. Ra1 Qc3 56. Rd1 Kg5 57. Kh2 Kh4 58. Bh3 Qg7 59. Rg2 Qc3 60. Rd5 Qc2 61. Rh5+ Kxh5 62. Rxc2 Kh4 63. Kg2 Kh5 64. Bg4+ Kh4 65. Kf2 Kg5 66. Ke2 Kh4 67. Kd3 Kg3 68. Kd4 1-0